000 00735nam a2200229Ii 4500
003 JO-AjNU
005 20250818085133.0
008 230605s9999||||xx |||||||||||||| ||und||
040 _aJO-AjNU
_bara
_erda
_cJO-AjNU
041 _aara
050 1 4 _aPJ7696 1996
100 3 _aشرح وتقديم عباس عبد الستار,
_eauthor
_939729
245 0 0 _aديوان النابغة الذبياني
250 _aط2
264 3 1 _aبيروت:دار الكتب العلمية،1996
300 _a168ص
336 _atext
_btxt
_2rdacontent
337 _aunmediated
_bn
_2rdamedia
338 _avolume
_bnc
_2rdacarrier
650 4 _aالشعر العربي - تاريخ ونقد - العصر الجاهلي
_939730
942 _2lcc
_cBK
999 _c20372
_d20372